书目信息 |
| 题名: |
中华传统美学体系探源
|
|
| 作者: | 曹利华 著 | |
| 分册: | ||
| 出版信息: | 北京 首都师范大学出版社 1994.06 |
|
| 页数: | 330页 | |
| 开本: | 21cm | |
| 丛书名: | ||
| 单 册: | ||
| 中图分类: | B83-092 | |
| 科图分类: | ||
| 主题词: | 美学史--中国 | |
| 电子资源: | ||
| ISBN: | 7-81039-426-6 | |
| 000 | 00567nam0 2200193 45 | |
| 001 | 0404251089 | |
| 005 | 20050322170534.9 | |
| 010 | @a7-81039-426-6@dCNY8.50 | |
| 100 | @a20040425d1994 km y0chiy0120 ea | |
| 101 | 0 | @achi |
| 105 | @a z 000yy | |
| 200 | 1 | @a中华传统美学体系探源@AZhong Hua Chuan Tong Mei Xue Ti Xi Tan Yuan@f曹利华著@FCao Li Hua Zhu |
| 210 | @a北京@c首都师范大学出版社@d1994.06 | |
| 215 | @a330页@d21cm | |
| 606 | 0 | @a美学史@y中国 |
| 690 | @aB83-092@v3 | |
| 701 | 0 | @a曹利华@4著 |
| 801 | @aCN@bPftUser@c20040425 | |
| 905 | @dB83-092@e130@f1@b269631 | |
| 中华传统美学体系探源/曹利华著.-北京:首都师范大学出版社,1994.06 |
| 330页;21cm |
| ISBN 7-81039-426-6:CNY8.50 |
| ● |
| 相关链接 |
|
|
|
|
正题名:中华传统美学体系探源
索取号:B83-092/130
 
预约/预借
| 序号 | 登录号 | 条形码 | 馆藏地/架位号 | 状态 | 备注 |
| 1 | 0269630 | 000509934 | 第一样本阅览室/ [索取号:B83-092/130] | 在馆 | |
| 2 | 0269631 | 002019899 | 第一借阅区/ [索取号:B83-092/130] | 在馆 |